INFANCIA Y APRENDIZAJE = (Record no. 141837)
[ view plain ]
| 000 -CABECERA | |
|---|---|
| campo de control de longitud fija | 00678nab a2200229 a 4500 |
| 005 - FECHA Y HORA DE LA ÚLTIMA TRANSACCIÓN | |
| campo de control | 20210223130947.0 |
| 008 - ELEMENTOS DE LONGITUD FIJA--INFORMACIÓN GENERAL | |
| campo de control de longitud fija | 991125s1985 mx 000 0 spa u |
| 035 ## - NÚMERO DE CONTROL DEL SISTEMA | |
| Número de control de sistema | UPN01000169731 |
| 100 1# - ASIENTO PRINCIPAL--NOMBRE PERSONAL | |
| Nombre de persona | Fernández, Catalina |
| 9 (RLIN) | 42874 |
| 240 13 - TÍTULO UNIFORME | |
| Título uniforme | La evolución del pensamiento ordinal en los escolares de 3 a 6 años |
| 245 00 - MENCIÓN DE TÍTULO | |
| Título | INFANCIA Y APRENDIZAJE = |
| 245 00 - MENCIÓN DE TÍTULO | |
| Resto del título | JOURNAL FOR THE STUDY OF EDUCATION AND DEVELOPMENT |
| 260 ## - PUBLICACIÓN, DISTRIBUCIÓN, ETC. | |
| Lugar de publicación, distribución, etc. | Madrid, España |
| 300 ## - DESCRIPCIÓN FÍSICA | |
| Extensión | 107-130 |
| 362 0# - FECHAS DE PUBLICACIÓN Y/O DESIGNACIÓN SECUENCIAL | |
| Fecha de publicación y/o designación secuencial | 2008 Vol. 31, no. 1, feb. |
| 653 0# - TERMINO DE INDIZACION - NO CONTROLADO | |
| Término no controlado | CONTEO |
| 653 0# - TERMINO DE INDIZACION - NO CONTROLADO | |
| Término no controlado | NUMEROS NATURALES |
| 653 0# - TERMINO DE INDIZACION - NO CONTROLADO | |
| Término no controlado | SECUENCIA NUMERICA |
| 700 1# - ASIENTO SECUNDARIO--NOMBRE DE PERSONAL | |
| Nombre de persona | Ortiz, Alfonso, |
| 700 1# - ASIENTO SECUNDARIO--NOMBRE DE PERSONAL | |
| Término indicativo de función/relación | coaut. |
| 902 ## - ELEMENTOS DE DATOS B LOCAL, LDB (RLIN) | |
| Creó | Articulo |
No items available.
